000 00997nas a2200241 i 4500
001 185607
003 ES-MaACL
005 20250217134918.0
008 160727d19681981sp m| | ||pa d
245 0 0 _aBoletín del Centro de Cálculo de la Universidad de Madrid /
_c[director, Ernesto García Camarero].
260 _aMadrid :
_bCentro de Cálculo de la Universidad de Madrid,
_c1968-1981.
300 _a11 v. :
_bil. ;
_c27 y 24 cm.
310 _aIrregular
321 _aMensual
362 0 _aNº 1 (diciembre 1968)-Nº 39 (diciembre 1981)
650 0 4 _aInformática.
_913758
650 4 _aCálculo-
_xProceso de datos.
_9160215
700 1 _aGarcía Camarero, Ernesto,
_d1932-2022
_954320
710 2 _aUniversidad Complutense de Madrid.
_bCentro de Cálculo.
_9156458
852 _aES-MaACL
_jHEM-A-25
_z. - Donat. Ernesto García Camarero
_z. - Dedicatoria autógrafa de Ernesto García Camarero
866 0 _o1968-1981 (falta nº 32 de 1978)
999 _c185607
_d185607